000
002750000a22000970004500
100
1
_a
Rutschman, LaVerne
245
1
0
_a
Respuesta a la ponencia : Un aporte anabautista
300
_a
Vol. 6, Num 1 (Enero-Junio, 1986), Páginas 14-16
773
0
_t
Vida y pensamiento
942
_c
ANA
999
_c
52742
_d
52742